| 000 | 01760nam a2200277Ia 4500 | ||
|---|---|---|---|
| 999 |
_c39693 _d39693 |
||
| 001 | 6296 | ||
| 003 | GE_BSU | ||
| 005 | 20191101162919.0 | ||
| 008 | 181216s2012||||ge |||||||||||||| ||geo|| | ||
| 020 | _a9789941434105 | ||
| 040 | _cGE_BSU | ||
| 041 | _ageo | ||
| 080 | _a908(479.223)+94(560) პ-15 | ||
| 100 |
_aპალგრევი, ვილიამ ჯიფორდ _95223 |
||
| 245 |
_aტრაპიზონის პროვინცია ლაზისტანის სანჯაყი : _b(1867-69 და 1872 წლის ანგარიშები) / _cვილიამ ჯიფორდ პალგრევი ; თარგმნა, გამოსაც. მოამზადა, ავტორის ბიოგრაფია, კომენტ. და საძიებელი დაურთო რამაზ სურმანიძემ ; რედ. გოდერძი ტოტოჩავა. |
||
| 264 |
_aბათუმი : _bშოთა რუსთაველის სახელმწ. უნ-ტის გამ-ბა , _c2012. |
||
| 300 |
_a147 გვ. : _b ილ. ; _c20 სმ. |
||
| 490 | _aსერია "აჭარა უცხოელთა თვალით" | ||
| 501 | _aგეოგრაფიულ სახელთა საძიებელი: გვ. 140-145. | ||
| 541 | _h2ლ.92თ. | ||
| 653 | _a აჭარის ისტორიის უცხოური წყაროები | ||
| 653 | _aტრაპიზონი | ||
| 700 |
_a სურმანიძე, რამაზ _eმთარგმნელი _95224 |
||
| 700 |
_aტოტოჩავა, გოდერძი _eრედაქტორი _95225 |
||
| 942 |
_cBK _2udc |
||